000 04440nam a2200469 a 4500
005 20110107143720.0
010 _aB-419055-076
020 _a9788131726020
_c499.00
035 _aB-419055-076
037 _bUBH
082 _a519.5
100 _aBajpai, Naval
_925240
245 _aBusiness statistics /
_cby Naval Bajpai
260 _aNew Delhi
_bPearson Educations
_c2010
270 _a14, Local Shopping Centre, Panchsheel Park
_bNew Delhi
_e110017
300 _axxix, 794p.;
_c28cm(pbk)
500 _aIncludes index
942 _2ddc
_cEN
_mBAJ
_h519.5
999 _c35946
_d35946